Digitalizácia v poisťovníctve v dôsledku pandémie COVID-19 bakalárska práca

Gespeichert in:
Bibliographische Detailangaben
1. Verfasser: Vincúr, Stanislav
Körperschaft: Fakulta hospodárskej informatiky EU. Katedra matematiky a aktuárstva
Weitere Verfasser: Slašťanová, Martina, 1998-
Format: Buch
Sprache:Slowakisch
Veröffentlicht: Bratislava 2025
Tags: Tag hinzufügen
Keine Tags, Fügen Sie das erste Tag hinzu!

MARC

LEADER 00000nbm a2200000 4500
001 0310383
005 20260318085512.7
041 0 |a slo 
044 |a SK 
245 1 0 |a Digitalizácia v poisťovníctve v dôsledku pandémie COVID-19  |b bakalárska práca  |c Stanislav Vincúr ; školiteľ: Martina Slašťanová 
264 1 |a Bratislava  |c 2025 
300 |a 47 s. 
100 1 |a Vincúr, Stanislav 
700 1 |a Slašťanová, Martina, 1998- 
710 2 |a Fakulta hospodárskej informatiky EU. Katedra matematiky a aktuárstva